| 000 | 00831 a2200229 4500 | ||
|---|---|---|---|
| 001 | 39251 | ||
| 005 | 20260407155651.0 | ||
| 008 | 260407a1966 arg spa d | ||
| 003 | AR-UNSa-BCEJYS | ||
| 040 |
_aAR-UNSa-BCEJYS _bspa _cAR-UNSa-BCEJYS |
||
| 080 |
_a1 _xFilosofía. Psicología |
||
| 245 | 1 | 0 | _aIntroducción a la lectura de Platón |
| 264 | 1 |
_aMadrid : _bAlianza Editorial _c1966 |
|
| 300 |
_a198 p. _c18 cm. |
||
| 505 | _aPrimera Parte: El diálogo: 1. El diálogo filosófico - 2. El Menón - 3. El Protágoras - 4. El Teeteto -- Segunda Parte: La política: 1. Política y filosofía - 2. La ciudad perfecta - 3. Las ciudades imperfectas - 4. Conclusión | ||
| 041 | _aspa | ||
| 942 | _cBK | ||
| 590 | _aniveau_biblio:m niveau_hierar:0 | ||
| 100 | 1 | _aKoyré, Alexandre | |
| 650 | _aPLATÓN | ||
| 650 | _a platon | ||
| 999 |
_c2991 _d2991 |
||